| 000 | 00537nam a2200193 a 4500 | ||
|---|---|---|---|
| 005 | 20140310183311.0 | ||
| 008 | 050915s19uu xx 00 eng d | ||
| 020 | _a0071410805 | ||
| 050 |
_aHF 1017 _b.K23 2004 |
||
| 100 | _aKazmier, Leonard J. | ||
| 245 |
_aSchaum's outlines : _bbusiness statistics / _cKazmier, Leonard J. |
||
| 250 | _a4th ed. | ||
| 260 |
_aNew York : _bMcGraw-Hill, _c2004. |
||
| 300 |
_a404 p. : _bill. ; _c28 cm. |
||
| 521 | _aBSBA | ||
| 650 | _aBusiness statistics. | ||
| 942 |
_cBK _2lcc _kFOR |
||
| 999 |
_c21169 _d21169 |
||